000 00755nam a2200229 i 4500
001 124694
003 ES-MaACL
005 20230906192457.0
007 t|
008 070418s1918 sp ||||1| spa d
080 _a821.134.2-23"19"
100 1 _aVillaespesa, Francisco.
_9114917
245 1 3 _aLa leona de Castilla
_b: drama en tres actos, en verso /
_coriginal de Francisco Villaespesa.
260 _a[Madrid :
_bLa Novela Teatral,
_c1918]
300 _a16 h. ;
_c20 cm.
490 1 _aLa novela teatral ;
_v65
500 _aEn la cub. caricatura de Rafael Ramírez por Tovar.
700 0 _aTovar
_c, ilustrador.
_9157378
830 0 _aLa novela teatral ;
_v65
_9122427
852 _aES-MaACL
_j2214-F-43
_bR.138713
999 _c124694
_d124694